书目信息 |
| 题名: |
人脸检测
|
|
| 作者: | 黄福珍 , 苏剑波 著 | |
| 分册: | ||
| 出版信息: | 上海 上海交通大学出版社 2006.04 |
|
| 页数: | 190页 | |
| 开本: | 22cm | |
| 丛书名: | ||
| 单 册: | ||
| 中图分类: | Q983 | |
| 科图分类: | Q983 | |
| 主题词: | 人体-面-自动检测-研究 | |
| 电子资源: | ||
| ISBN: | 7-313-04366-X | |
| 000 | 00616nam0 2200217 450 | |
| 001 | 0635112952 | |
| 005 | 20061011102555.46 | |
| 010 | @a7-313-04366-X@dCNY 12.00 | |
| 100 | @a20060825d2006 km y0chiy0120 ea | |
| 101 | 0 | @achi |
| 102 | @aCN@b310000 | |
| 200 | 1 | @a人脸检测@Aren lian jian ce@f黄福珍,苏剑波著@Fhuang fu zhen,su jian bo zhu |
| 210 | @a上海@c上海交通大学出版社@d2006.04 | |
| 215 | @a190页@d22cm | |
| 606 | 0 | @a人体-面-自动检测-研究 |
| 690 | @aQ983@v4 | |
| 692 | @aQ983 | |
| 701 | 0 | @a黄福珍@Ahuang fu zhen@4著 |
| 701 | 0 | @a苏剑波@Asu jian bo@4著 |
| 801 | 0 | @aCN@c20061011 |
| 905 | @apdsgxy@dQ983@eH829 | |
| 人脸检测/黄福珍,苏剑波著.-上海:上海交通大学出版社,2006.04 |
| 190页;22cm |
| ISBN 7-313-04366-X:CNY 12.00 |
| ● |
| 相关链接 |
|
|
|
正题名:人脸检测
索取号:Q983/H829
 
预约/预借
| 序号 | 登录号 | 条形码 | 馆藏地/架位号 | 状态 | 备注 |
| 1 | 609777 | 206097775 | 期刊室512/401自科库 38排4列2层/ [索取号:Q983/H829] | 在馆 | |
| 2 | 609778 | 206097784 | 期刊室512/401自科库 38排4列2层/ [索取号:Q983/H829] | 在馆 | |
| 3 | 609779 | 206097793 | 自科库401/401自科库 38排4列2层/ [索取号:Q983/H829] | 在馆 |